| 000 | 00619nam a2200205 a 4500 | ||
|---|---|---|---|
| 001 | 000024618 | ||
| 005 | 20200930023253.0 | ||
| 008 | 110201s1973 xxu r 001 0 spa d | ||
| 020 | _a0802019285 | ||
| 020 | _a0802061672 | ||
| 020 | _a0802002668 | ||
| 040 |
_aDO-SdBNP _bspa _cBNPHU |
||
| 082 |
_axxxx _bM158p |
||
| 100 | 1 |
_aMacKinnon, Frank _950481 |
|
| 245 | 1 | 0 |
_aPostures and politics : _bsome observations on participatory democracy / _cFrank MacKinnon. |
| 260 |
_aToronto : _buniversity of Toronto Press, _c1973. |
||
| 300 |
_aix, 275 p. ; _c23.5 cm. |
||
| 500 | _aIncluye índice alfabético. | ||
| 049 | _aBNGR | ||
| 999 |
_c24111 _d24111 |
||